| 000 | 00000nam##2200000za#4500 |
| 001 | 9.580059 |
| 003 | CaOODSP |
| 005 | 20210624190846 |
| 007 | cr ||||||||||| |
| 008 | 150406|2008||||xxc|||||o f|0| 0 eng|d |
| 022 | |a1488-5387 |
| 040 | |aCaOODSP|beng |
| 043 | |an-cn--- |
| 086 | 1 |aFs97-4/2774E-PDF |
| 110 | 1 |aCanada. |bDepartment of Fisheries and Oceans. |
| 245 | 12|aA technical review of the Conservation Utility Analysis : |h[electronic resource]|bissues and recommendations for future analyses / |cby M.M. Manson. |
| 260 | |aVancouver - British Columbia : |bFisheries and Oceans Canada |c2008. |
| 300 | |a22p.|bcoloured illus., references |
| 490 | 1 |aCanadian manuscript report of fisheries and aquatic sciences|x1488-5387|vNo. 2774 |
| 500 | |aFile reproduced from original print. On t. p. : Oceans, Habitat and Enhancement Branch, Vancouver, British Columbia. The catalogue number and ISSN for the print edition appear in the PDF version. |
| 546 | |a(Résumés en français) |
| 590 | |a14-13-Supp|b2014-06-23 |
| 720 | 1 |aManson, M. M |
| 776 | 0#|tA technical review of the Conservation Utility Analysis : |w(CaOODSP)9.619086 |
| 830 | #0|aCanadian manuscript report of fisheries and aquatic sciences,|x1488-5387|vNo. 2774|w(CaOODSP)9.505211 |
| 856 | 40|ahttp://publications.gc.ca|qPDF|s145 KB|uhttps://publications.gc.ca/collections/collection_2014/mpo-dfo/Fs97-4-2774-eng.pdf|yNo. 2774 |